000 00936aam a2200373 4500
005 20251107175438.0
008 150529b2009 xxu||||| |||| 00| 0 spa d
020 _a9788449440564
041 _aESP
082 _a510 M425m
245 _aMatemáticas para aprender y aprobar 1
260 _aEspaña
260 _bEditorial Océano
260 _c2009
300 _a372 páginas
490 _aTemática General
505 _aEste material cuenta con un volumen 2 el cual posee las siguientes temáticas: Geometría y Probabilidad y Estadística
650 _aMATEMÁTICAS
650 _aARITMÉTICA
650 _aÁLGEBRA
650 _aNÚMEROS ENTEROS
650 _aFRACCIONES
650 _aDECIMALES
650 _aGEOMETRÍA
650 _aLÓGICA
650 _aFUNCIONES
650 _aCONJUNTOS
942 _cBK
_2ddc
999 _c2440
_d2440